[Event "New York Marshall op 04"]
[Site "New York"]
[Date "2024.04.13"]
[Round "2"]
[White "Lin, Bryan Enming"]
[Black "Gartenlaub, Corin"]
[Result "1-0"]
[WhiteElo "2087"]
[BlackElo "1892"]
[PlyCount "87"]
[EventDate "2024.04.13"]
[EventType "swiss"]
[EventRounds "5"]
[EventCountry "USA"]
[SourceTitle "CB18_2024"]
[SourceDate "2024.05.01"]
[SourceVersion "1"]
[SourceVersionDate "2024.05.01"]
[SourceQuality "2"]

1. e4 c5 2. Nf3 Nc6 3. d4 cxd4 4. Nxd4 Nf6 5. Nc3 e5 6. Ndb5 d6 7. Bg5 a6 8. Na3 b5 9. Nd5 Be7 10. Bxf6 Bxf6 11. c3 Rb8 12. Nc2 Bg5 13. a4 bxa4 14. Ncb4 Nxb4 15. cxb4 0-0 16. Rxa4 a5 17. b5 Bd7 18. Nc3 Qb6 19. Bc4 Be6 20. 0-0 Rbc8 21. Qe2 Kh8 22. Rd1 Rc5 23. g3 Qc7 24. Bd5 Bd7 25. Rda1 Bd8 26. Bc4 Be6 27. Bd5 Qb8 28. Bc6 Bb6 29. Kg2 f5 30. exf5 Rxf5 31. Rxa5 Bxa5 32. Rxa5 Qc7 33. Ra8+ Bg8 34. Nd5 Qf7 35. Ne3 Rf6 36. b4 Rxb5 37. Qxb5 Rxf2+ 38. Kg1 Rb2 39. Qf1 Qb3 40. Bd5 Qxe3+ 41. Kh1 h5 42. Rxg8+ Kh7 43. Qf5+ g6 44. Qxg6# 1-0